La primera de las tres Buenos Aires /

Detalles Bibliográficos
Autor principal: Kirbus, Federico B.
Formato: Libro
Publicado: Buenos Aires : Kirbus, 1980.
Materias:
Etiquetas: Agregar Etiqueta
Sin Etiquetas, Sea el primero en etiquetar este registro!

MARC

LEADER 00000nam a22000004a 4500
001 AR-BbUGT3007
003 AR-BbUGT
005 20181220001721.0
007 ta
008 061101t1980 |||a |0|||0| d
040 |a AR-BbUGT  |b spa  |c AR-BbUGT 
082 0 4 |a 982.02 
100 1 |a Kirbus, Federico B. 
245 1 3 |a La primera de las tres Buenos Aires /   |c Federico B. Kirbus. 
260 |a Buenos Aires :   |b Kirbus,   |c 1980. 
300 |a 128 p. :   |b il. 
653 |a Historia Argentina 
653 |a Argentina 
653 |a Historia 
653 |a Buenos Aires,Ciudad 
942 |c BK  |h 982.02  |i K631  |m D  |2 ddc  |6 982_020000000000000_K631 
999 |c 10517  |d 10517